Цифровые устройства: практический курс; учебное пособие

מידע ביבליוגרפי
מחבר ראשי: Губарев Ф. А. Фёдор Александрович
מחבר תאגידי: Национальный исследовательский Томский политехнический университет (ТПУ) Институт неразрушающего контроля (ИНК) Кафедра промышленной и медицинской электроники (ПМЭ)
מחברים אחרים: Наконечная М. Е. Марина Евгеньевна
סיכום:Заглавие с титульного экрана
Электронная версия печатной публикации
Текст на английском языке
Режим доступа: из корпоративной сети ТПУ
שפה:אנגלית
יצא לאור: Томск, Изд-во ТПУ, 2013
נושאים:
גישה מקוונת:http://www.lib.tpu.ru/fulltext2/m/2013/m342.pdf
פורמט: MixedMaterials אלקטרוני ספר
KOHA link:https://koha.lib.tpu.ru/cgi-bin/koha/opac-detail.pl?biblionumber=247100

MARC

LEADER 00000nlm0a2200000 4500
001 247100
005 20240209134812.0
035 |a (RuTPU)RU\TPU\book\268573 
090 |a 247100 
100 |a 20131216d2013 m y0rusy50 ca 
101 0 |a eng 
102 |a RU 
105 |a a j 001zy 
135 |a drgn ---uucaa 
181 0 |a i  
182 0 |a b 
200 1 |a Цифровые устройства  |d Digital devices  |e практический курс  |e учебное пособие  |f Ф. А. Губарев, М. Е. Наконечная  |g Национальный исследовательский Томский политехнический университет (ТПУ), Институт неразрушающего контроля (ИНК), Кафедра промышленной и медицинской электроники (ПМЭ) 
203 |a Текст  |c электронный 
210 |a Томск  |c Изд-во ТПУ  |d 2013 
300 |a Заглавие с титульного экрана 
300 |a Электронная версия печатной публикации 
300 |a Текст на английском языке 
333 |a Режим доступа: из корпоративной сети ТПУ 
337 |a Adobe Reader 
510 1 |a Digital devices  |z eng 
606 |a Цифровые устройства  |x Схемотехника  |2 stltpush  |3 (RuTPU)RU\TPU\subj\71356  |9 85311 
610 1 |a электронный ресурс 
610 1 |a учебные пособия 
610 1 |a труды учёных ТПУ 
610 1 |a цифровые устройства 
610 1 |a английский язык 
675 |a 004.31  |v 4 
700 1 |a Губарев  |b Ф. А.  |c специалист в области электроники  |c доцент Томского политехнического университета, кандидат физико-математических наук  |f 1979-  |g Фёдор Александрович  |3 (RuTPU)RU\TPU\pers\25668  |9 11579 
701 1 |a Наконечная  |b М. Е.  |c лингвист  |c старший преподаватель Томского политехнического университета  |g Марина Евгеньевна  |3 (RuTPU)RU\TPU\pers\28625 
712 0 2 |a Национальный исследовательский Томский политехнический университет (ТПУ)  |b Институт неразрушающего контроля (ИНК)  |b Кафедра промышленной и медицинской электроники (ПМЭ)  |3 (RuTPU)RU\TPU\col\18719 
801 1 |a RU  |b 63413507  |c 20131216 
801 2 |a RU  |b 63413507  |c 20140327  |g RCR 
856 4 |u http://www.lib.tpu.ru/fulltext2/m/2013/m342.pdf 
942 |c CF